| 000 | 01261nam a2200277 4500 | ||
|---|---|---|---|
| 001 | 0000016423 | ||
| 003 | CO-CtgCURN | ||
| 005 | 20250429224118.0 | ||
| 007 | ta | ||
| 008 | 160627s2001 000 0 eng d | ||
| 020 | _a9586901920 | ||
| 040 |
_aCO-CtgCURN _bspa _ccoctgcurn |
||
| 082 | 0 |
_a350.986 _bR17d |
|
| 100 | 1 | _aRestrepo Quijano, Rafael. | |
| 245 | 1 | 0 |
_aDerecho administrativo disciplinario / _cRafael Dario Restrepo Quijano. |
| 260 |
_aBogotá : _bLeyer, _c2001. |
||
| 300 | _a477 p. | ||
| 336 | _2rdacontent | ||
| 337 |
_2rdamedia _asin mediacion _bn |
||
| 338 |
_2rdacarrier _avolumen _bnc |
||
| 505 | 8 | _aPotestad sancionatoria del estado y derecho administrativo disciplinario.--Antecedentes y estructura del Código disciplinario unico.--Fundamento, contenido y objeto del regimen disciplinario y responsabilidad del servidor publico.--Los principios del derecho disciplinario.--De los deberes, prohibiciones, inhabilidades e incompatibilidades y de los derechos de los servidores publicos.--El debido proceso disciplinario.--La Acción disciplinaria | |
| 650 | 1 | 4 |
_aDerecho administrativo _zColombia. |
| 908 | _a160627 | ||
| 942 |
_cBK _h350.986 _iR17d _2ddc |
||
| 999 |
_c39319 _d39319 |
||